000
00387nam a22000977a 4500
100
_a
सिंह,एम. के.
_9
79511
245
_a
भारत के महान स्वाधीतन सेनानी संत
260
_a
दिल्ली
_b
आयुष्मान प्रकाशन
_c
2016
650
_a
चिल्ड्रन बुक
_9
159
942
_c
HIN
999
_c
63142
_d
63142